Library Logo

Pioneer International University Library Catalogue

Mark Coffin, U.S.S. : (Record no. 8862)

MARC details
000 -LEADER
fixed length control field 00832cam a2200277 i 4500
001 - CONTROL NUMBER
control field 849898
003 - CONTROL NUMBER IDENTIFIER
control field OSt
005 - DATE AND TIME OF LATEST TRANSACTION
control field 20250901165746.0
008 - FIXED-LENGTH DATA ELEMENTS--GENERAL INFORMATION
fixed length control field 781122s1979 nyu 000 1 eng
010 ## - LIBRARY OF CONGRESS CONTROL NUMBER
LC control number 78069655
020 ## - INTERNATIONAL STANDARD BOOK NUMBER
International Standard Book Number 0385144342 :
Terms of availability $10.00
040 ## - CATALOGING SOURCE
Original cataloging agency DLC
Transcribing agency DLC
Modifying agency DLC
050 00 - LIBRARY OF CONGRESS CALL NUMBER
Classification number PZ 4 .D794 Mar 1979
Item number Mar
Classification number PS3554.R8
082 00 - DEWEY DECIMAL CLASSIFICATION NUMBER
Classification number 813/.5/4
100 1# - MAIN ENTRY--PERSONAL NAME
Personal name Drury, Allen.
245 10 - TITLE STATEMENT
Title Mark Coffin, U.S.S. :
Remainder of title a novel of Capitol Hill /
Statement of responsibility, etc. Allen Drury.
250 ## - EDITION STATEMENT
Edition statement 1st ed.
260 ## - PUBLICATION, DISTRIBUTION, ETC.
Place of publication, distribution, etc. Garden City, N.Y. :
Name of publisher, distributor, etc. Doubleday,
Date of publication, distribution, etc. 1979.
300 ## - PHYSICAL DESCRIPTION
Extent viii, 343 p. ;
Dimensions 22 cm.
650 #0 - SUBJECT ADDED ENTRY--TOPICAL TERM
Topical term or geographic name entry element Legislators
General subdivision Fiction.
651 #0 - SUBJECT ADDED ENTRY--GEOGRAPHIC NAME
Geographic name Capitol Hill (Washington, D.C.)
Form subdivision Fiction.
651 #0 - SUBJECT ADDED ENTRY--GEOGRAPHIC NAME
Geographic name Washington (D.C.)
Form subdivision Fiction.
655 #7 - INDEX TERM--GENRE/FORM
Genre/form data or focus term Political fiction.
Source of term lcsh
906 ## - LOCAL DATA ELEMENT F, LDF (RLIN)
a 7
b cbc
c orignew
d 1
e opcn
f 19
g y-gencatlg
942 ## - ADDED ENTRY ELEMENTS (KOHA)
Source of classification or shelving scheme Library of Congress Classification
Koha item type Books
Holdings
Withdrawn status Lost status Source of classification or shelving scheme Damaged status Not for loan Home library Current library Shelving location Date acquired Total checkouts Full call number Barcode Date last seen Price effective from Koha item type
    Library of Congress Classification     Main Library Main Library   10/11/2024   PZ 4 .D794 Mar 1979 PIU0004121 10/11/2024 10/11/2024 Books
    Library of Congress Classification     Main Library Main Library   10/15/2024   PZ 4 .D794 Mar 1979 PIU0004832 10/15/2024 10/11/2024 Books
    Library of Congress Classification     Main Library Main Library   10/11/2024   PZ 4 .D794 Mar 1979 PIU0004682 02/25/2025 10/11/2024 Books